<?xml version="1.0" encoding="UTF-8"?>
<record
    xmlns:xsi="http://www.w3.org/2001/XMLSchema-instance"
    xsi:schemaLocation="http://www.loc.gov/MARC21/slim http://www.loc.gov/standards/marcxml/schema/MARC21slim.xsd"
    xmlns="http://www.loc.gov/MARC21/slim">

  <leader>02004njm a2200325Ia 4500</leader>
  <controlfield tag="001">G7135</controlfield>
  <controlfield tag="003">IT-RoPAU</controlfield>
  <controlfield tag="005">20220918181201.0</controlfield>
  <controlfield tag="008">131025s9999    xx            000 0 und d</controlfield>
  <datafield tag="040" ind1=" " ind2=" ">
    <subfield code="a">IT-RoPAU</subfield>
  </datafield>
  <datafield tag="040" ind1=" " ind2=" ">
    <subfield code="c">IT-RoPAU</subfield>
  </datafield>
  <datafield tag="041" ind1=" " ind2=" ">
    <subfield code="a">ITALIANO</subfield>
  </datafield>
  <datafield tag="999" ind1=" " ind2=" ">
    <subfield code="c">103018</subfield>
    <subfield code="d">103018</subfield>
  </datafield>
  <datafield tag="999" ind1=" " ind2=" ">
    <subfield code="b">n.d.</subfield>
  </datafield>
  <datafield tag="100" ind1=" " ind2=" ">
    <subfield code="a">Giudici Vincenzo</subfield>
    <subfield code="9">33018</subfield>
  </datafield>
  <datafield tag="100" ind1=" " ind2=" ">
    <subfield code="e">Autore musica</subfield>
    <subfield code="9">33019</subfield>
  </datafield>
  <datafield tag="100" ind1=" " ind2=" ">
    <subfield code="g">Codice autore musica SPICS: 12549</subfield>
    <subfield code="9">33020</subfield>
  </datafield>
  <datafield tag="245" ind1=" " ind2=" ">
    <subfield code="a">Pasqua: canti per la messa</subfield>
  </datafield>
  <datafield tag="250" ind1=" " ind2=" ">
    <subfield code="a">1a ed.</subfield>
  </datafield>
  <datafield tag="260" ind1=" " ind2=" ">
    <subfield code="a">ROMA</subfield>
  </datafield>
  <datafield tag="260" ind1=" " ind2=" ">
    <subfield code="b">AUDIOVISIVI PAOLINE</subfield>
    <subfield code="c">2000 [1a Ed.:1997 - Ed. Lingua Orig.: 1997]</subfield>
  </datafield>
  <datafield tag="300" ind1=" " ind2=" ">
    <subfield code="a">COMPACT DISC</subfield>
  </datafield>
  <datafield tag="300" ind1=" " ind2=" ">
    <subfield code="c">29 minuti (Testo: 12 pag.)</subfield>
  </datafield>
  <datafield tag="500" ind1=" " ind2=" ">
    <subfield code="a">Musica religiosa, liturgica. 11 brani pasquali. Realizzazione e direzione: Antonio Parisi; violoncello: Sara Gentile; tromba: Cesare Dell'Anna; registrazione: Studio Crescendo, Bari; tecnico del suono:  Mario Bernardi; Digital Mastering: Marcello Spiridioni, Video Recording, Roma; in copertina: ambone della cattedrale di Salerno;. grafica: Paola Baldo.</subfield>
  </datafield>
  <datafield tag="505" ind1=" " ind2=" ">
    <subfield code="a">Canti per i riti inziali della messa: Oggi &#xE8; risorto (Parisi-Galliano, 3:27) - Io sono risorto (Liberto-Di Simone, 3:06) - Splendore del padre (Giudici-Crivelli, 3:05) - Gloria (Giudici-Liturgia, 2:48). Canti per la liturgia della parola: Questo &#xE8; il giorno (Giudici-Liturgia, 2:04) - Sequenza pasquale (Giudici-Liturgia, 2:04) - Alleluia, parola vivente (Giudici-Crivelli, 1:58) - Alleluia, Cristo nostra Pasqua (Parisi-Liturgia, 1:17) - E' la Pasqua del Signore (Parisi-Ladisa, 3:03). Altri canti: Cristo mia speranza &#xE8; risorto (Giudici-Galliano, 3:02) - Alla vittima pasquale (Rainoldi-Liturgia, 4:04).</subfield>
  </datafield>
  <datafield tag="511" ind1=" " ind2=" ">
    <subfield code="a">Coro e Voci Soliste: Maria Luisa Dituri, Nicola Amodio diretti da Antonio Parisi</subfield>
  </datafield>
  <datafield tag="650" ind1=" " ind2=" ">
    <subfield code="a">LITURGICO [COMPACT DISC]</subfield>
    <subfield code="e">Codice MATERIA SPICS: 9949</subfield>
    <subfield code="9">27069</subfield>
  </datafield>
  <datafield tag="700" ind1=" " ind2=" ">
    <subfield code="a">Galliano Annamaria</subfield>
    <subfield code="e">Autore testo</subfield>
    <subfield code="g">Codice autore testo SPICS: 5671</subfield>
    <subfield code="9">33021</subfield>
  </datafield>
  <datafield tag="700" ind1=" " ind2=" ">
    <subfield code="a">Parisi Antonio</subfield>
    <subfield code="e">Autore</subfield>
    <subfield code="g">Codice autore SPICS: 35389</subfield>
    <subfield code="9">33022</subfield>
  </datafield>
  <datafield tag="942" ind1=" " ind2=" ">
    <subfield code="c">CD</subfield>
    <subfield code="2">ddc</subfield>
  </datafield>
  <datafield tag="952" ind1=" " ind2=" ">
    <subfield code="0">0</subfield>
    <subfield code="1">0</subfield>
    <subfield code="4">0</subfield>
    <subfield code="6">G_7135_000000000000000</subfield>
    <subfield code="7">1</subfield>
    <subfield code="a">SPICS</subfield>
    <subfield code="b">SPICS</subfield>
    <subfield code="d">2013-10-25</subfield>
    <subfield code="l">0</subfield>
    <subfield code="o">G7135</subfield>
    <subfield code="r">2013-10-25 00:00:00</subfield>
    <subfield code="w">2013-10-25</subfield>
    <subfield code="y">CD</subfield>
    <subfield code="z">Progr. Ins.: 22895 / N.Vol.: 1 / Copie: 1 - Copia rara: n.d. / date import: 01.01.2014 - By Epidotti, Trombetti, Vaglietti</subfield>
  </datafield>
</record>
